Maltrato a los niños en la familia: evaluación y tratamiento

Збережено в:
Бібліографічні деталі
Автори: Arruabarrena, María Ignacia (Автор), Paúl, Joaquín de (Автор)
Формат: Книга
Мова:Іспанська
Опубліковано: Madrid Pirámide 1997
Серія:Ojos Solares
Предмети:
Теги: Додати тег
Немає тегів, Будьте першим, хто поставить тег для цього запису!

MARC

LEADER 00000nam a2200000 a 4500
001 UCS5233
003 CL-VaPUC
008 970830e19970000SP |||||||||||||||||spa|d
082 0 4 |a 362.76  |b ARR  |2 21 
100 0 |a Arruabarrena, María Ignacia  |e author  |9 391077 
700 0 |a Paúl, Joaquín de  |e author  |9 391078 
245 1 0 |a Maltrato a los niños en la familia: evaluación y tratamiento 
300 |a 182 p 
942 |c BK 
945 |d 19970830 00:00:00  |a jquezada 
260 |a Madrid  |b Pirámide  |c 1997 
650 7 |a MALTRATO DE MENORES  |2 CL-VaPUC  |9 391079 
650 0 |a Trabajo social   |9 307856 
650 0 |a Protección de menores  |9 334116 
650 0 |a Psicología del niño  |9 307305 
650 0 |a Violencia intrafamiliar  |9 312986 
650 0 |a Aspectos jurídicos  |9 328188 
583 |a last modification  |c 20130106 11:47:09  |k Rodrigo Vera 
490 0 |a Ojos Solares 
999 |c 261845  |d 261843 
952 |0 0  |1 0  |4 0  |6 362_760000000000000_ARR_1997  |7 0  |8 A  |9 289696  |a BIBEDU  |b BIBEDU  |d 2019-11-19  |i 334276K  |o 362.76 ARR 1997  |p 334276K  |r 2019-11-19  |w 2019-11-19  |y BK  |k EDU 
952 |0 0  |1 0  |4 0  |6 362_760000000000000_ARR_1997  |7 0  |8 A  |9 289697  |a BIBEDU  |b BIBEDU  |d 2019-11-19  |i 3342778  |o 362.76 ARR 1997  |p 3342778  |r 2019-11-19  |w 2019-11-19  |y BK  |k EDU 
952 |0 0  |1 0  |4 0  |6 362_760000000000000_ARR_1997  |7 0  |8 A  |9 289698  |a BIBEDU  |b BIBEDU  |d 2019-11-19  |i 3342786  |o 362.76 ARR 1997  |p 3342786  |r 2019-11-19  |w 2019-11-19  |y BK  |k EDU 
952 |0 0  |1 0  |4 0  |6 362_760000000000000_ARR_1997  |7 0  |8 A  |9 289699  |a BIBEDU  |b BIBEDU  |d 2019-11-19  |i 3342794  |o 362.76 ARR 1997  |p 3342794  |r 2019-11-19  |w 2019-11-19  |y BK  |k EDU